Тепловой расчет паровых котлов в программе «Тракт»: методические указания к выполнению лабораторных работ по дисциплине «Современные проблемы науки и производства в энергетическом машиностроении» для студентов I курса, обучающихся по направлению 13.04.03 «Энергетическое машиностроение»

Dades bibliogràfiques
Autor principal: Воронцова Е. С. Елена Сергеевна
Autor corporatiu: Национальный исследовательский Томский политехнический университет Инженерная школа энергетики
Altres autors: Копань А. В. Александр Владимирович
Sumari:Заглавие с титульного экрана
Электронная версия печатной публикации
Режим доступа: из корпоративной сети ТПУ
Idioma:rus
Publicat: Томск, Изд-то ТПУ, 2018
Matèries:
Accés en línia:http://www.lib.tpu.ru/fulltext2/m/2018/m043.pdf
Format: MixedMaterials Electrònic Llibre
KOHA link:https://koha.lib.tpu.ru/cgi-bin/koha/opac-detail.pl?biblionumber=341560

MARC

LEADER 00000nlm0a2200000 4500
001 341560
005 20240201114602.0
035 |a (RuTPU)RU\TPU\book\369622 
090 |a 341560 
100 |a 20181012d2018 m y0rusy50 ca 
101 0 |a rus 
102 |a RU 
105 |a a j 001zy 
135 |a drgn ---uucaa 
181 0 |a i  
182 0 |a b 
200 1 |a Тепловой расчет паровых котлов в программе «Тракт»  |e методические указания к выполнению лабораторных работ по дисциплине «Современные проблемы науки и производства в энергетическом машиностроении» для студентов I курса, обучающихся по направлению 13.04.03 «Энергетическое машиностроение»  |f Е. С. Воронцова, А. В. Копань  |g Национальный исследовательский Томский политехнический университет, Инженерная школа энергетики 
203 |a Текст  |c электронный 
210 |a Томск  |c Изд-то ТПУ  |d 2018 
300 |a Заглавие с титульного экрана 
300 |a Электронная версия печатной публикации 
333 |a Режим доступа: из корпоративной сети ТПУ 
606 1 |a Котельные установки  |x Тепловой расчет  |2 stltpush  |3 (RuTPU)RU\TPU\subj\16007  |9 42202 
610 1 |a электронный ресурс 
610 1 |a труды учёных ТПУ 
610 1 |a учебные пособия 
610 1 |a методические указания 
610 1 |a лабораторные работы 
610 1 |a расчетные схемы 
610 1 |a теплогидравлический расчет 
610 1 |a прямоточные котлы 
610 1 |a барабанные котлы 
610 1 |a тракты 
675 |a 621.18.016(076.5)  |v 3 
700 1 |a Воронцова  |b Е. С.  |c специалист в области теплоэнергетики  |c инженер Томского политехнического университета  |f 1990-  |g Елена Сергеевна  |3 (RuTPU)RU\TPU\pers\32871  |9 16719 
701 1 |a Копань  |b А. В.  |g Александр Владимирович 
712 0 2 |a Национальный исследовательский Томский политехнический университет  |b Инженерная школа энергетики  |c (2017- )  |3 (RuTPU)RU\TPU\col\23503 
801 2 |a RU  |b 63413507  |c 20181218  |g RCR 
856 4 |u http://www.lib.tpu.ru/fulltext2/m/2018/m043.pdf 
942 |c CF